000 01081nam0a2200313 4500
001 RU\NLR\bibl\1447717
005 20260407070253.0
010 _a978-5-17-062256-6
_bАСТ
010 _a978-5-403-02214-9
_98000
_bАСТ МОСКВА
021 _aRU
_b2009-84066
_95282
021 _aRU
_b2011-23044
_91629
035 _a(NLR Aleph) 001439547
090 _a1454107
_c1454107
100 _a20091204d20102009|||y0rusy50 ca
101 1 _arus
_ceng
102 _aRU
105 _ay |||||||||
200 1 _aВкус блаженства
_eроман
_fЭлоиза Джеймс
_g[пер. с англ. Л.И. Желоховцевой]
210 _aМосква
_cАСТ
_cАСТ МОСКВА
_d2010 [т.е. 2009]
215 _a318, [1] с.
_d17
225 1 _aмини ШАРМ
300 _aКн. фактически издана в 2009 г.
700 1 _4070
_7ca
_8rus
_aДжеймс
_bЭ.
_f1962-
_gЭлоиза
_9132864
_3RU\NLR\AUTH\770132898
801 0 _aRU
_bNLR
_c20091204
_gRCR
801 1 _aRU
_bNLR
_c20091204
942 _cBOOK
980 _aNB